| 000 -LEADER |
| fixed length control field |
00924nam a22001337a 4500 |
| 040 ## - CATALOGING SOURCE |
| Transcribing agency |
RUA |
| 082 ## - DEWEY DECIMAL CLASSIFICATION NUMBER |
| Classification number |
AVM NGO 2018 B658 Or. |
| 100 ## - MAIN ENTRY--AUTHOR NAME |
| Personal name |
NGOEM RA ងឺម រ៉ា |
| 245 ## - TITLE STATEMENT |
| Title |
using of ginger (zingiber officinale) as anti eimeria spp in digestive system of three blood chicken at veteterinary research station of fvm-rua ការប្រើប្រាស់ខ្ងីប្រឆាំង eimeria spp ក្នុងប្រព័ន្ឋប្រដាប់រំលាយអាហារមាន់សាច់បីឈាមនៅស្ថានីយស្រាវជ្រាវវេជ្ជសាស្រ្តសត្វនៃសាកលវិទ្យាល័យភូមិន្ទកសិកម្ម |
| 260 ## - PUBLICATION, DISTRIBUTION, ETC. (IMPRINT) |
| Place of publication |
rua |
| Name of publisher |
phnom penh |
| Year of publication |
2018 |
| 300 ## - PHYSICAL DESCRIPTION |
| Number of Pages |
ix.39p |
| Other physical details |
ill; |
| Dimensions |
29cm |
| 856 ## - ELECTRONIC LOCATION AND ACCESS |
| Uniform Resource Identifier |
https://drive.google.com/file/d/1Uvy5LsKPlRfb_q8KwKmI--HwaC3tTSGg/view?usp=sharing |
| 942 ## - ADDED ENTRY ELEMENTS (KOHA) |
| Koha item type |
AVM |
| 952 ## - LOCATION AND ITEM INFORMATION (KOHA) |
| Withdrawn status [LOCAL, KOHA] |
0 |
| 952 ## - LOCATION AND ITEM INFORMATION (KOHA) |
| Withdrawn status [LOCAL, KOHA] |
0 |
| 952 ## - LOCATION AND ITEM INFORMATION (KOHA) |
| Withdrawn status [LOCAL, KOHA] |
0 |
| 952 ## - LOCATION AND ITEM INFORMATION (KOHA) |
| Withdrawn status [LOCAL, KOHA] |
0 |
| 952 ## - LOCATION AND ITEM INFORMATION (KOHA) |
| Withdrawn status [LOCAL, KOHA] |
0 |
| 952 ## - LOCATION AND ITEM INFORMATION (KOHA) |
| Withdrawn status [LOCAL, KOHA] |
0 |
| 952 ## - LOCATION AND ITEM INFORMATION (KOHA) |
| Withdrawn status [LOCAL, KOHA] |
0 |
| 952 ## - LOCATION AND ITEM INFORMATION (KOHA) |
| Withdrawn status [LOCAL, KOHA] |
0 |